000 00445nam a2200145Ia 4500
008 230917s9999||||xx |||||||||||||| ||und||
040 _e37310
_aMAIN
041 _aEnglish
082 _a620.118 H273M
100 _aHashin, Zvi, ed
245 0 _aMechanics of composite materials: recent advances proceedings of the IUTAM symosium on mechanics of composite material
260 _aNew York
_bPergamon
_c1983
300 _axii, 499 p.
942 _cBK
999 _c46251
_d46251